[Event "8th Vellmar Chess Days"]
[Site "chess24.com"]
[Date "2016.07.29"]
[Round "2"]
[White "Viebahn, Dirk"]
[Black "Hering, Sven"]
[Result "1-0"]
[Board "12"]
[WhiteElo "2155"]
[WhiteCountry "GER"]
[WhiteFideId "4660790"]
[WhiteEloChange "5"]
[BlackElo "1968"]
[BlackCountry "GER"]
[BlackFideId "24605727"]
[BlackEloChange "-5"]

1. e4 {[%clk 1:30:55]} c5 {[%clk 1:30:44]} 2. Nf3 {[%clk 1:31:13]} Nc6 {[%clk
1:31:06]} 3. Bb5 {[%clk 1:31:31]} d6 {[%clk 1:31:20]} 4. d4 {[%clk 1:31:25]} cxd4
{[%clk 1:29:06]} 5. Qxd4 {[%clk 1:31:31]} Bd7 {[%clk 1:27:00]} 6. Bxc6 {[%clk
1:31:49]} Bxc6 {[%clk 1:24:31]} 7. Nc3 {[%clk 1:32:07]} Nf6 {[%clk 1:22:17]} 8.
Bg5 {[%clk 1:29:13]} e6 {[%clk 1:11:42]} 9. O-O-O {[%clk 1:25:04]} Be7 {[%clk
1:11:57]} 10. Rhe1 {[%clk 1:19:28]} O-O {[%clk 1:11:31]} 11. Qd2 {[%clk 1:18:59]}
Qa5 {[%clk 1:07:47]} 12. Kb1 {[%clk 1:16:02]} b5 {[%clk 1:04:07]} 13. Nd5 {[%clk
1:12:55]} Qd8 {[%clk 1:01:37]} 14. Nxe7+ {[%clk 1:08:32]} Qxe7 {[%clk 1:02:05]}
15. Bxf6 {[%clk 0:57:07]} Qxf6 {[%clk 1:02:20]} 16. Nd4 {[%clk 0:52:34]} Rac8
{[%clk 0:58:37]} 17. f3 {[%clk 0:52:07]} Rfd8 {[%clk 0:50:57]} 18. Qa5 {[%clk
0:49:46]} Rd7 {[%clk 0:41:19]} 19. b3 {[%clk 0:39:43]} Rdc7 {[%clk 0:29:13]} 20.
Rd2 {[%clk 0:37:19]} Be8 {[%clk 0:19:36]} 21. Red1 {[%clk 0:33:32]} Qe5 {[%clk
0:15:59]} 22. g3 {[%clk 0:32:54]} d5 {[%clk 0:16:27]} 23. exd5 {[%clk 0:31:27]}
Qxd5 {[%clk 0:16:28]} 24. f4 {[%clk 0:19:16]} h5 {[%clk 0:15:58]} 25. Qa3 {[%clk
0:15:34]} Rd7 {[%clk 0:07:53]} 26. Qb4 {[%clk 0:12:18]} Qe4 {[%clk 0:06:07]} 27.
Rd3 {[%clk 0:11:18]} f6 {[%clk 0:04:41]} 28. Re1 {[%clk 0:09:28]} Qg2 {[%clk
0:04:30]} 29. Rd2 {[%clk 0:07:01]} Qd5 {[%clk 0:04:57]} 30. Ree2 {[%clk 0:05:44]}
Bg6 {[%clk 0:02:34]} 31. Kb2 {[%clk 0:03:08]} Qc5 {[%clk 0:00:47]} 32. Qxc5
{[%clk 0:03:19]} Rxc5 {[%clk 0:01:16]} 33. Nxe6 {[%clk 0:03:14]} Rxd2 {[%clk
0:01:28]} 34. Rxd2 {[%clk 0:03:39]} Rc6 {[%clk 0:01:44]} 35. Rd8+ {[%clk
0:02:46]} Kf7 {[%clk 0:02:10]} 36. Nd4 {[%clk 0:03:10]} Rc7 {[%clk 0:02:32]} 37.
f5 {[%clk 0:02:25]} Ke7 {[%clk 0:01:11]} 38. Rb8 {[%clk 0:01:17]} Rd7 {[%clk
0:01:18]} 39. fxg6 {[%clk 0:00:57]} Rxd4 {[%clk 0:01:46]} 40. Rxb5 {[%clk
0:01:16]} h4 {[%clk 0:01:33]} 41. Rb7+ {[%clk 0:00:52]} Kf8 {[%clk 0:01:06]} 42.
Rf7+ {[%clk 0:00:40]} Ke8 {[%clk 0:30:54]} 43. Rxa7 {[%clk 0:30:44]} hxg3 {[%clk
0:30:20]} 44. hxg3 {[%clk 0:31:04]} Rg4 {[%clk 0:30:37]} 45. Rxg7 {[%clk
0:31:19]} Rxg3 {[%clk 0:30:54]} 46. a4 {[%clk 0:31:34]} Rg2 {[%clk 0:30:51]} 47.
a5 {[%clk 0:31:40]} 1-0

[Event "8th Vellmar Chess Days"]
[Site "chess24.com"]
[Date "2016.07.29"]
[Round "2"]
[White "George, Tom"]
[Black "Helbing, Mathias"]
[Result "1-0"]
[Board "13"]
[WhiteElo "2044"]
[WhiteCountry "GER"]
[WhiteFideId "24659487"]
[WhiteEloChange "7"]
[BlackElo "1947"]
[BlackCountry "GER"]
[BlackFideId "24608971"]
[BlackEloChange "-7"]

1. e4 {[%clk 1:30:58]} c5 {[%clk 1:27:05]} 2. Nf3 {[%clk 1:31:16]} Nc6 {[%clk
1:27:18]} 3. d4 {[%clk 1:31:39]} cxd4 {[%clk 1:27:41]} 4. Nxd4 {[%clk 1:32:02]}
Nf6 {[%clk 1:27:59]} 5. Nc3 {[%clk 1:32:25]} d6 {[%clk 1:28:03]} 6. Bg5 {[%clk
1:32:06]} e6 {[%clk 1:27:38]} 7. Qd2 {[%clk 1:32:29]} Bd7 {[%clk 1:28:00]} 8.
O-O-O {[%clk 1:31:59]} a6 {[%clk 1:28:24]} 9. f4 {[%clk 1:31:46]} b5 {[%clk
1:27:50]} 10. a3 {[%clk 1:26:05]} Qb6 {[%clk 1:18:32]} 11. Nb3 {[%clk 1:24:50]}
Qb7 {[%clk 1:02:41]} 12. Be2 {[%clk 1:19:55]} Rc8 {[%clk 0:59:25]} 13. e5 {[%clk
1:09:26]} dxe5 {[%clk 0:54:17]} 14. Bxf6 {[%clk 1:08:40]} gxf6 {[%clk 0:54:39]}
15. Ne4 {[%clk 1:09:03]} Be7 {[%clk 0:53:37]} 16. Nbc5 {[%clk 1:09:22]} 1-0

[Event "8th Vellmar Chess Days"]
[Site "chess24.com"]
[Date "2016.07.29"]
[Round "2"]
[White "Windelband, Jens"]
[Black "Krueger, Stefan"]
[Result "0-1"]
[Board "14"]
[WhiteElo "2120"]
[WhiteCountry "GER"]
[WhiteFideId "4663845"]
[WhiteEloChange "-15"]
[BlackElo "1936"]
[BlackCountry "GER"]
[BlackFideId "12990418"]
[BlackEloChange "15"]

1. e4 {[%clk 1:27:23]} c5 {[%clk 1:30:51]} 2. Nf3 {[%clk 1:27:45]} Nc6 {[%clk
1:31:11]} 3. d4 {[%clk 1:28:02]} cxd4 {[%clk 1:31:32]} 4. Nxd4 {[%clk 1:28:28]}
e5 {[%clk 1:31:51]} 5. Nb5 {[%clk 1:26:26]} d6 {[%clk 1:32:09]} 6. c4 {[%clk
1:24:33]} Be7 {[%clk 1:32:07]} 7. N1c3 {[%clk 1:21:05]} a6 {[%clk 1:32:07]} 8.
Na3 {[%clk 1:21:29]} f5 {[%clk 1:32:14]} 9. exf5 {[%clk 1:16:31]} Bxf5 {[%clk
1:32:14]} 10. Bd3 {[%clk 1:16:47]} Be6 {[%clk 1:32:33]} 11. Qh5+ {[%clk 1:09:14]}
Bf7 {[%clk 1:29:26]} 12. Qh3 {[%clk 1:09:31]} Nf6 {[%clk 1:28:16]} 13. Bg5 {[%clk
1:02:26]} Nd4 {[%clk 1:13:30]} 14. Bxf6 {[%clk 0:53:38]} Bxf6 {[%clk 1:12:51]}
15. O-O {[%clk 0:53:36]} Be6 {[%clk 0:55:03]} 16. Qh5+ {[%clk 0:52:25]} Bf7
{[%clk 0:55:23]} 17. Qd1 {[%clk 0:52:42]} O-O {[%clk 0:55:03]} 18. Nc2 {[%clk
0:47:49]} b5 {[%clk 0:39:11]} 19. cxb5 {[%clk 0:37:12]} Nxb5 {[%clk 0:39:01]} 20.
Bxb5 {[%clk 0:31:32]} axb5 {[%clk 0:39:29]} 21. Nb4 {[%clk 0:31:49]} e4 {[%clk
0:36:19]} 22. Qd2 {[%clk 0:31:12]} Be5 {[%clk 0:27:36]} 23. Nxe4 {[%clk 0:21:11]}
Bc4 {[%clk 0:25:26]} 24. Nc6 {[%clk 0:17:16]} Bxh2+ {[%clk 0:25:21]} 25. Kxh2
{[%clk 0:16:29]} Qh4+ {[%clk 0:25:38]} 26. Kg1 {[%clk 0:16:55]} Qxe4 {[%clk
0:25:57]} 27. Qxd6 {[%clk 0:12:40]} Bxf1 {[%clk 0:24:23]} 28. Rxf1 {[%clk
0:12:00]} Kh8 {[%clk 0:16:40]} 29. Rd1 {[%clk 0:10:45]} Qf4 {[%clk 0:12:33]} 30.
Qxf4 {[%clk 0:10:11]} Rxf4 {[%clk 0:13:00]} 31. a3 {[%clk 0:10:35]} h6 {[%clk
0:12:45]} 32. Rd5 {[%clk 0:08:18]} Rc8 {[%clk 0:07:41]} 33. Ne5 {[%clk 0:07:14]}
Rc1+ {[%clk 0:06:08]} 34. Kh2 {[%clk 0:07:40]} Rxf2 {[%clk 0:06:21]} 35. Rxb5
{[%clk 0:07:48]} Rcc2 {[%clk 0:06:24]} 36. b3 {[%clk 0:05:33]} Rxg2+ {[%clk
0:05:21]} 37. Kh3 {[%clk 0:05:58]} Kh7 {[%clk 0:04:07]} 38. Nc4 {[%clk 0:04:04]}
Rg1 {[%clk 0:02:56]} 39. a4 {[%clk 0:03:40]} Rc3+ {[%clk 0:01:12]} 40. Kh2 {[%clk
0:03:59]} Rb1 {[%clk 0:01:05]} 0-1

[Event "8th Vellmar Chess Days"]
[Site "chess24.com"]
[Date "2016.07.29"]
[Round "2"]
[White "Freier, Werner, Dr."]
[Black "Langedijk, Ardjan"]
[Result "0-1"]
[Board "15"]
[WhiteElo "1886"]
[WhiteCountry "GER"]
[WhiteFideId "12932558"]
[WhiteEloChange "-4"]
[BlackElo "2101"]
[BlackCountry "NED"]
[BlackFideId "1004212"]
[BlackEloChange "4"]

1. e4 {[%clk 1:30:56]} e5 {[%clk 1:30:03]} 2. Nf3 {[%clk 1:31:19]} Nc6 {[%clk
1:30:28]} 3. Bb5 {[%clk 1:31:44]} a6 {[%clk 1:30:53]} 4. Bxc6 {[%clk 1:29:14]}
dxc6 {[%clk 1:30:26]} 5. Nc3 {[%clk 1:28:58]} f6 {[%clk 1:26:46]} 6. d4 {[%clk
1:26:05]} exd4 {[%clk 1:25:42]} 7. Qxd4 {[%clk 1:26:25]} Qxd4 {[%clk 1:23:11]} 8.
Nxd4 {[%clk 1:26:50]} Bd7 {[%clk 1:23:11]} 9. Be3 {[%clk 1:15:58]} Bb4 {[%clk
1:19:10]} 10. Ne2 {[%clk 1:08:41]} O-O-O {[%clk 1:19:05]} 11. O-O {[%clk
1:03:55]} Ne7 {[%clk 1:17:43]} 12. Na4 {[%clk 0:48:57]} b6 {[%clk 1:13:38]} 13.
Rfd1 {[%clk 0:46:29]} Be6 {[%clk 1:08:35]} 14. a3 {[%clk 0:41:05]} Bd6 {[%clk
1:03:31]} 15. b3 {[%clk 0:35:04]} Ng6 {[%clk 0:54:53]} 16. Nd4 {[%clk 0:32:57]}
Bd7 {[%clk 0:52:41]} 17. Nb2 {[%clk 0:32:22]} c5 {[%clk 0:50:45]} 18. Ne2 {[%clk
0:30:06]} Be5 {[%clk 0:46:01]} 19. Rab1 {[%clk 0:28:44]} f5 {[%clk 0:38:21]} 20.
exf5 {[%clk 0:22:31]} Bxf5 {[%clk 0:37:50]} 21. Nd3 {[%clk 0:22:48]} Bf6 {[%clk
0:36:36]} 22. Ne1 {[%clk 0:18:06]} Rhe8 {[%clk 0:33:30]} 23. Ng3 {[%clk 0:17:46]}
Bg4 {[%clk 0:32:00]} 24. Rxd8+ {[%clk 0:16:40]} Rxd8 {[%clk 0:29:44]} 25. f3
{[%clk 0:16:43]} Be6 {[%clk 0:29:24]} 26. Ne4 {[%clk 0:14:12]} Be5 {[%clk
0:27:51]} 27. g3 {[%clk 0:10:56]} h6 {[%clk 0:27:19]} 28. Kf2 {[%clk 0:10:44]}
Bf5 {[%clk 0:25:41]} 29. Ke2 {[%clk 0:09:11]} Ne7 {[%clk 0:21:02]} 30. Nd3 {[%clk
0:09:13]} Bd4 {[%clk 0:20:36]} 31. g4 {[%clk 0:07:07]} Bh7 {[%clk 0:17:35]} 32.
Nf4 {[%clk 0:04:55]} Bxe3 {[%clk 0:15:55]} 33. Kxe3 {[%clk 0:05:18]} g5 {[%clk
0:15:47]} 34. Nd3 {[%clk 0:03:32]} Nd5+ {[%clk 0:15:57]} 35. Kf2 {[%clk 0:02:54]}
Bxe4 {[%clk 0:09:15]} 36. fxe4 {[%clk 0:03:17]} Nf6 {[%clk 0:09:42]} 37. e5
{[%clk 0:02:19]} Nxg4+ {[%clk 0:10:00]} 38. Ke2 {[%clk 0:02:45]} Nxe5 {[%clk
0:09:16]} 39. Nxe5 {[%clk 0:01:18]} Re8 {[%clk 0:09:40]} 40. c4 {[%clk 0:01:02]}
Rxe5+ {[%clk 0:09:41]} 41. Kf3 {[%clk 0:01:05]} Kd7 {[%clk 0:08:32]} 42. Rd1+
{[%clk 0:30:58]} Ke7 {[%clk 0:38:06]} 43. Rd3 {[%clk 0:30:20]} h5 {[%clk
0:34:45]} 44. Kg3 {[%clk 0:30:03]} c6 {[%clk 0:29:18]} 45. Kf3 {[%clk 0:25:43]}
b5 {[%clk 0:27:29]} 46. h3 {[%clk 0:25:27]} Re1 {[%clk 0:26:01]} 47. Rc3 {[%clk
0:19:12]} b4 {[%clk 0:22:18]} 48. axb4 {[%clk 0:18:51]} cxb4 {[%clk 0:22:43]} 49.
Rd3 {[%clk 0:19:17]} Rc1 {[%clk 0:21:55]} 50. Ke4 {[%clk 0:16:23]} Rc3 {[%clk
0:21:56]} 51. Rd1 {[%clk 0:16:33]} Rxb3 {[%clk 0:21:25]} 52. Kf5 {[%clk 0:16:32]}
Rxh3 {[%clk 0:21:32]} 53. Kxg5 {[%clk 0:16:40]} Rc3 {[%clk 0:21:35]} 54. Ra1
{[%clk 0:16:36]} Rxc4 {[%clk 0:21:25]} 55. Rxa6 {[%clk 0:17:03]} Rc5+ {[%clk
0:21:37]} 56. Kh4 {[%clk 0:17:25]} Kd6 {[%clk 0:21:57]} 0-1

[Event "8th Vellmar Chess Days"]
[Site "chess24.com"]
[Date "2016.07.29"]
[Round "2"]
[White "Zahn, Richard"]
[Black "Colbow, Collin"]
[Result "1/2-1/2"]
[Board "16"]
[WhiteElo "2086"]
[WhiteCountry "GER"]
[WhiteFideId "4681690"]
[WhiteEloChange "-7"]
[BlackElo "1794"]
[BlackCountry "GER"]
[BlackFideId "16201132"]
[BlackEloChange "7"]

1. f4 {[%clk 1:30:50]} e5 {[%clk 1:30:48]} 2. fxe5 {[%clk 1:31:15]} d6 {[%clk
1:31:08]} 3. exd6 {[%clk 1:31:44]} Bxd6 {[%clk 1:31:21]} 4. Nf3 {[%clk 1:32:13]}
Nf6 {[%clk 1:31:29]} 5. d4 {[%clk 1:32:07]} Ng4 {[%clk 1:29:49]} 6. Qd3 {[%clk
1:27:45]} Nc6 {[%clk 1:23:43]} 7. c3 {[%clk 1:28:13]} O-O {[%clk 1:21:46]} 8. g3
{[%clk 1:20:58]} g6 {[%clk 1:16:53]} 9. Bg2 {[%clk 1:10:45]} Bf5 {[%clk 1:16:20]}
10. e4 {[%clk 1:00:29]} Bxe4 {[%clk 1:14:58]} 11. Qxe4 {[%clk 1:00:50]} Re8
{[%clk 1:15:16]} 12. Ne5 {[%clk 1:01:17]} Bxe5 {[%clk 0:44:19]} 13. Qxg4 {[%clk
0:57:09]} Nxd4 {[%clk 0:43:40]} 14. O-O {[%clk 0:46:37]} Nc2 {[%clk 0:43:02]} 15.
Qc4 {[%clk 0:44:07]} Qe7 {[%clk 0:37:02]} 16. Na3 {[%clk 0:29:23]} Nxa1 {[%clk
0:37:05]} 17. Bxb7 {[%clk 0:29:36]} Rab8 {[%clk 0:35:52]} 18. Bd5 {[%clk
0:29:42]} Rf8 {[%clk 0:35:44]} 19. Bh6 {[%clk 0:29:47]} Bg7 {[%clk 0:35:39]} 20.
Bxg7 {[%clk 0:23:55]} Kxg7 {[%clk 0:35:58]} 21. Rxa1 {[%clk 0:24:01]} Rxb2 {[%clk
0:35:26]} 22. Qd4+ {[%clk 0:23:56]} Kg8 {[%clk 0:35:33]} 23. Nc4 {[%clk 0:24:06]}
c5 {[%clk 0:34:27]} 24. Qf4 {[%clk 0:23:04]} Rc2 {[%clk 0:31:56]} 25. Rf1 {[%clk
0:22:42]} Kg7 {[%clk 0:28:25]} 26. Ne5 {[%clk 0:20:14]} f6 {[%clk 0:27:53]} 27.
Ng4 {[%clk 0:20:27]} g5 {[%clk 0:24:01]} 28. Qf5 {[%clk 0:19:44]} Re2 {[%clk
0:20:23]} 1/2-1/2

[Event "8th Vellmar Chess Days"]
[Site "chess24.com"]
[Date "2016.07.29"]
[Round "2"]
[White "Retzlaff, Thomas"]
[Black "Bub, Volker"]
[Result "0-1"]
[Board "17"]
[WhiteElo "1869"]
[WhiteCountry "GER"]
[WhiteFideId "12980633"]
[WhiteEloChange "-5"]
[BlackElo "2063"]
[BlackCountry "GER"]
[BlackFideId "4618963"]
[BlackEloChange "5"]

1. d4 {[%clk 1:29:21]} c5 {[%clk 1:30:54]} 2. e3 {[%clk 1:29:09]} Nf6 {[%clk
1:29:09]} 3. Nf3 {[%clk 1:29:33]} b6 {[%clk 1:27:55]} 4. g3 {[%clk 1:29:01]} Bb7
{[%clk 1:27:47]} 5. Bg2 {[%clk 1:29:26]} g6 {[%clk 1:27:32]} 6. O-O {[%clk
1:29:52]} Bg7 {[%clk 1:27:39]} 7. c4 {[%clk 1:30:18]} O-O {[%clk 1:27:18]} 8. Nc3
{[%clk 1:30:45]} d6 {[%clk 1:24:34]} 9. d5 {[%clk 1:26:33]} a6 {[%clk 1:20:34]}
10. a4 {[%clk 1:25:24]} Nbd7 {[%clk 1:14:29]} 11. Re1 {[%clk 1:18:51]} Ne8 {[%clk
1:14:26]} 12. e4 {[%clk 1:17:16]} Nc7 {[%clk 1:11:07]} 13. Qd3 {[%clk 1:12:23]}
Ne5 {[%clk 1:07:22]} 14. Nxe5 {[%clk 1:12:45]} dxe5 {[%clk 1:07:45]} 15. Bg5
{[%clk 1:01:36]} h6 {[%clk 0:57:26]} 16. Be3 {[%clk 1:01:54]} Ne6 {[%clk
0:57:15]} 17. Qd2 {[%clk 1:01:52]} Nd4 {[%clk 0:57:26]} 18. Rad1 {[%clk 0:59:50]}
Kh7 {[%clk 0:54:50]} 19. Ne2 {[%clk 0:58:43]} Bc8 {[%clk 0:52:58]} 20. f3 {[%clk
0:52:48]} Bd7 {[%clk 0:50:17]} 21. Bxd4 {[%clk 0:52:43]} cxd4 {[%clk 0:49:44]}
22. b3 {[%clk 0:53:02]} Qc7 {[%clk 0:47:25]} 23. Nc1 {[%clk 0:50:48]} b5 {[%clk
0:45:36]} 24. axb5 {[%clk 0:45:57]} axb5 {[%clk 0:45:56]} 25. Bf1 {[%clk
0:45:16]} bxc4 {[%clk 0:46:19]} 26. Bxc4 {[%clk 0:45:28]} Rfb8 {[%clk 0:37:11]}
27. Nd3 {[%clk 0:44:58]} h5 {[%clk 0:33:42]} 28. Ra1 {[%clk 0:40:28]} Bh6 {[%clk
0:32:59]} 29. f4 {[%clk 0:36:29]} f6 {[%clk 0:27:57]} 30. Qf2 {[%clk 0:36:25]}
Rxa1 {[%clk 0:26:17]} 31. Rxa1 {[%clk 0:35:50]} Bb5 {[%clk 0:25:32]} 32. Bxb5
{[%clk 0:33:34]} Rxb5 {[%clk 0:25:53]} 33. b4 {[%clk 0:33:41]} Qc3 {[%clk
0:23:57]} 34. Rd1 {[%clk 0:34:07]} h4 {[%clk 0:18:04]} 35. Kg2 {[%clk 0:33:04]}
exf4 {[%clk 0:17:20]} 36. gxf4 {[%clk 0:31:37]} h3+ {[%clk 0:16:09]} 37. Kh1
{[%clk 0:31:26]} Qb3 {[%clk 0:13:52]} 38. Qe2 {[%clk 0:25:35]} Rb8 {[%clk
0:08:54]} 39. Kg1 {[%clk 0:11:29]} Ra8 {[%clk 0:05:09]} 40. Kf2 {[%clk 0:08:03]}
Ra2 {[%clk 0:03:40]} 41. Rd2 {[%clk 0:08:27]} Rxd2 {[%clk 0:02:55]} 42. Qxd2
{[%clk 0:06:50]} Qb1 {[%clk 0:26:16]} 43. Qe2 {[%clk 0:31:20]} g5 {[%clk
0:21:02]} 44. fxg5 {[%clk 0:26:53]} Bxg5 {[%clk 0:20:23]} 45. Kg3 {[%clk
0:25:36]} Kg7 {[%clk 0:13:26]} 46. Kxh3 {[%clk 0:23:56]} Qg1 {[%clk 0:12:32]} 47.
Ne1 {[%clk 0:12:39]} Kh6 {[%clk 0:08:08]} 48. Nf3 {[%clk 0:10:44]} Qa1 {[%clk
0:07:08]} 49. b5 {[%clk 0:08:12]} Qc3 {[%clk 0:07:19]} 50. Kg4 {[%clk 0:06:28]}
d3 {[%clk 0:07:35]} 51. Qg2 {[%clk 0:06:15]} d2 {[%clk 0:05:39]} 52. Nxd2 {[%clk
0:03:56]} Bxd2 {[%clk 0:05:55]} 53. Qf2 {[%clk 0:01:12]} Be3 {[%clk 0:03:08]} 54.
Qh4+ {[%clk 0:01:01]} Kg7 {[%clk 0:03:22]} 55. Qh5 {[%clk 0:01:17]} Qd3 {[%clk
0:02:58]} 56. Kf5 {[%clk 0:01:33]} Qf1+ {[%clk 0:01:07]} 57. Ke6 {[%clk 0:01:46]}
Qxb5 {[%clk 0:01:17]} 58. Qf7+ {[%clk 0:02:11]} Kh6 {[%clk 0:01:38]} 59. Kf5
{[%clk 0:02:32]} Qd7+ {[%clk 0:02:05]} 60. Qe6 {[%clk 0:02:57]} Qe8 {[%clk
0:01:26]} 61. Kg4 {[%clk 0:00:51]} Qh5+ {[%clk 0:01:49]} 62. Kg3 {[%clk 0:01:16]}
Bc5 {[%clk 0:00:39]} 63. h4 {[%clk 0:00:37]} Bd6+ {[%clk 0:02:14]} 64. Kg2 {[%clk
0:00:37]} Qxh4 {[%clk 0:02:08]} 65. Qf7 {[%clk 0:00:33]} Qxe4+ {[%clk 0:02:25]}
0-1

[Event "8th Vellmar Chess Days"]
[Site "chess24.com"]
[Date "2016.07.29"]
[Round "2"]
[White "Wiege, Andre"]
[Black "Salecker, Phil"]
[Result "1-0"]
[Board "18"]
[WhiteElo "2085"]
[WhiteCountry "GER"]
[WhiteFideId "4699416"]
[WhiteEloChange "2"]
[BlackElo "1704"]
[BlackCountry "GER"]
[BlackFideId "16216580"]
[BlackEloChange "-2"]

1. e4 {[%clk 1:30:30]} Nf6 {[%clk 1:30:30]} 2. e5 {[%clk 1:30:30]} Nd5 {[%clk
1:30:30]} 3. d4 {[%clk 1:30:30]} d6 {[%clk 1:30:30]} 4. c4 {[%clk 1:30:14]} Nb6
{[%clk 1:28:40]} 5. exd6 {[%clk 1:30:14]} exd6 {[%clk 1:28:40]} 6. Nc3 {[%clk
1:30:08]} Be7 {[%clk 1:27:55]} 7. Be3 {[%clk 1:23:23]} O-O {[%clk 1:27:29]} 8. b3
{[%clk 1:19:22]} Nc6 {[%clk 1:26:54]} 9. Be2 {[%clk 1:18:20]} Bf5 {[%clk
1:20:29]} 10. Nf3 {[%clk 1:18:20]} Bf6 {[%clk 1:20:20]} 11. O-O {[%clk 1:17:44]}
Re8 {[%clk 1:16:48]} 12. Rc1 {[%clk 1:15:47]} Ne7 {[%clk 1:04:14]} 13. Nd2 {[%clk
1:05:39]} d5 {[%clk 0:56:43]} 14. c5 {[%clk 1:01:07]} Nd7 {[%clk 0:55:50]} 15. g4
{[%clk 1:01:15]} Be6 {[%clk 0:53:49]} 16. g5 {[%clk 0:58:36]} Bxg5 {[%clk
0:49:57]} 17. Bxg5 {[%clk 0:58:39]} h6 {[%clk 0:50:20]} 18. Bxe7 {[%clk 0:55:32]}
Qxe7 {[%clk 0:50:42]} 19. Kh1 {[%clk 0:51:49]} Nf6 {[%clk 0:47:03]} 20. Bf3
{[%clk 0:46:11]} c6 {[%clk 0:45:40]} 21. Bg2 {[%clk 0:41:06]} g5 {[%clk 0:39:02]}
22. Nf3 {[%clk 0:39:32]} Kg7 {[%clk 0:38:54]} 23. Ne5 {[%clk 0:37:36]} Rh8 {[%clk
0:38:16]} 24. Re1 {[%clk 0:35:56]} h5 {[%clk 0:36:27]} 25. Qd2 {[%clk 0:34:06]}
g4 {[%clk 0:30:05]} 26. Qg5+ {[%clk 0:31:09]} Kh7 {[%clk 0:27:15]} 27. Re3 {[%clk
0:29:07]} Rae8 {[%clk 0:25:36]} 28. Rce1 {[%clk 0:27:59]} Rhg8 {[%clk 0:22:43]}
29. Qh4 {[%clk 0:26:50]} Qd8 {[%clk 0:20:53]} 30. Bf1 {[%clk 0:22:43]} Kh6 {[%clk
0:12:23]} 31. b4 {[%clk 0:18:19]} Rg5 {[%clk 0:11:41]} 32. Bd3 {[%clk 0:12:25]}
Reg8 {[%clk 0:11:14]} 33. Ne2 {[%clk 0:10:57]} g3 {[%clk 0:10:44]} 34. Rxg3
{[%clk 0:09:46]} Ng4 {[%clk 0:10:09]} 35. Nxg4+ {[%clk 0:09:08]} Bxg4 {[%clk
0:10:13]} 36. Ng1 {[%clk 0:07:11]} Qf6 {[%clk 0:06:30]} 37. Rxg4 {[%clk 0:06:48]}
1-0

[Event "8th Vellmar Chess Days"]
[Site "chess24.com"]
[Date "2016.07.29"]
[Round "2"]
[White "Hansen, Jeppe"]
[Black "Barath M"]
[Result "0-1"]
[Board "19"]
[WhiteElo "1759"]
[WhiteCountry "DEN"]
[WhiteFideId "1437640"]
[WhiteEloChange "-3"]
[BlackElo "2082"]
[BlackCountry "IND"]
[BlackFideId "25033450"]
[BlackEloChange "3"]

1. e4 {[%clk 1:30:57]} c5 {[%clk 1:30:47]} 2. Nf3 {[%clk 1:31:16]} d6 {[%clk
1:31:12]} 3. d4 {[%clk 1:31:38]} cxd4 {[%clk 1:31:36]} 4. Nxd4 {[%clk 1:31:50]}
Nf6 {[%clk 1:31:57]} 5. Nc3 {[%clk 1:32:03]} a6 {[%clk 1:32:22]} 6. Bg5 {[%clk
1:31:59]} e6 {[%clk 1:32:45]} 7. a4 {[%clk 1:32:07]} Nbd7 {[%clk 1:28:00]} 8. Be2
{[%clk 1:23:26]} Be7 {[%clk 1:27:40]} 9. Qd2 {[%clk 1:21:23]} Qc7 {[%clk
1:17:31]} 10. O-O {[%clk 1:14:30]} O-O {[%clk 1:16:26]} 11. Kh1 {[%clk 1:09:08]}
b6 {[%clk 1:09:26]} 12. f4 {[%clk 1:06:15]} Bb7 {[%clk 1:06:11]} 13. Bf3 {[%clk
0:51:43]} Rfd8 {[%clk 0:55:17]} 14. Rad1 {[%clk 0:46:57]} h6 {[%clk 0:53:14]} 15.
Bxf6 {[%clk 0:42:55]} Nxf6 {[%clk 0:53:19]} 16. Qe2 {[%clk 0:40:17]} Nd7 {[%clk
0:44:58]} 17. Bg4 {[%clk 0:35:41]} Bf6 {[%clk 0:43:56]} 18. Rf3 {[%clk 0:27:28]}
e5 {[%clk 0:37:36]} 19. Nf5 {[%clk 0:21:32]} exf4 {[%clk 0:37:50]} 20. Rxd6
{[%clk 0:15:18]} Be5 {[%clk 0:33:15]} 21. Rd1 {[%clk 0:09:59]} Nf6 {[%clk
0:26:24]} 22. Rfd3 {[%clk 0:08:34]} g6 {[%clk 0:15:20]} 23. Nh4 {[%clk 0:07:14]}
Bxc3 {[%clk 0:10:24]} 24. bxc3 {[%clk 0:04:04]} Bxe4 {[%clk 0:09:36]} 25. Rxd8+
{[%clk 0:03:15]} Rxd8 {[%clk 0:10:05]} 26. Rxd8+ {[%clk 0:02:33]} Qxd8 {[%clk
0:10:34]} 27. Bf3 {[%clk 0:02:04]} Qa8 {[%clk 0:04:14]} 28. h3 {[%clk 0:01:52]}
Bxf3 {[%clk 0:03:50]} 29. Nxf3 {[%clk 0:02:21]} Ne4 {[%clk 0:02:01]} 30. c4
{[%clk 0:02:27]} Ng3+ {[%clk 0:02:01]} 0-1